Разкази | Гераците (Запис номер 5731)
[ съкратено ]
| 000 -Лидер | |
|---|---|
| Контролно поле с фиксирана дължина | 01530nam a2200385 c 4500 |
| 003 - Код на организацията, давaща контролен номер | |
| Контролно поле | BLK |
| 005 - Дата и час на последна редакция | |
| Контролно поле | 20240604005349.0 |
| 008 - Елементи от данни с фиксирана дължина | |
| fixed length control field | 180412b bul|||||r ||||||| ||bul|| |
| 010 ## - Наследен системен номер | |
| LC control number | KNG00006933000 |
| 020 ## - Международен стандартен номер на книга ISBN | |
| Международен стандартен номер на книга ISBN | 954-439-327-7 |
| -- | издат.: Слово |
| 040 ## - Източник на каталожния запис | |
| Идентификатор на билиотеката - собственик на записа | BLK |
| 041 ## - Код за език | |
| Код за езика на текст/звукозапис или на отделно заглавие | Български |
| Код за езика КДБФ | Български |
| 080 ## - УДК | |
| Текстов определител УДК | Българска литература |
| УДК код - определител по УДК | 821.163.2 |
| УДК определител | -32 |
| УДК - код + определител | 821.163.2-32 |
| 080 ## - УДК | |
| Текстов определител УДК | Българска литература |
| УДК код - определител по УДК | 821.163.2 |
| УДК определител | .09(07) |
| УДК - код + определител | 821.163.2.09(07) |
| 100 ## - Редна дума - Автор | |
| Автор | Елин Пелин |
| Пълна форма на името | Стоянов, Димитър Иванов |
| R(LIN) | 363511 |
| 139 ## - Редно поле | |
| Редна дума | Елин Пелин |
| Авторски знак | Елин Пелин - Е 53 |
| 245 10 - Сведения за заглавието | |
| Заглавие | Разкази |
| Редно поле (дума) | Елин Пелин; предг. и състав. Симеон Янев. |
| 245 10 - Сведения за заглавието | |
| Заглавие | Гераците |
| Подзаглавни данни | |
| Редно поле (дума) | |
| 257 ## - Страна на издаване | |
| Страна на създаване/издаване | България |
| 260 ## - Област на издателските данни | |
| -- | В. Търново |
| Име на издателя, разпространителя и проч. | Слово |
| Година на издаване | 1995 |
| 300 ## - Физическа характеристика | |
| Страници | 380 с. |
| Размери/Мащаб | 20 см |
| 380 ## - Жанр | |
| Жанр | Худож. лит. |
| 490 1# - СЕРИИ (Колекции) | |
| Име на серия | Класиците в училище |
| 500 ## - Общи забележки | |
| Забележка | Съдържа и Съвременни оценки ; Критически анализи ; Литературни разработки. |
| 650 #4 - Допълнително описание по предмет – тема | |
| Основно описание – тема или топоним | Българска литература - учебни помагала |
| 9 (RLIN) | 242720 |
| 653 ## - Ключова дума – ненормативна | |
| Ключова дума | разкази |
| 653 ## - Ключова дума – ненормативна | |
| Ключова дума | повести |
| 700 1# - Други автори (авторска отговорност) | |
| Лично име | Янев, Симеон |
| Автороска отговорност (Описва отношението между автора и произведението) | предг. и състав. |
| Друга информация | Симеонов, Симеон Янакиев |
| 9 (RLIN) | 363599 |
| 852 ## - Местоположение | |
| Форматна сигнатура | Цб 182180 |
| 856 4# - Електронен адрес и достъп | |
| Електронен формат | pdf - файл |
| Път до файла /url/ | |
| 856 4# - Електронен адрес и достъп | |
| Електронен формат | pdf - файл |
| Път до файла /url/ | |
| 942 ## - АРТИКУЛИ | |
| Вид на библиотечния материал | Книги |
| Скрит в OPAC | Не |
| 944 ## - СЪЗДАВАНЕ И РЕДАКЦИЯ на ЗАПИСА | |
| Създаване/Редакция | Създаване |
| Дата на регистрацията/редакция | 15.01.2003 |
| Служител, извършил регистрацията/редакцията | |
| Статус, дата на статуса | CRON CRON |
| 944 ## - СЪЗДАВАНЕ И РЕДАКЦИЯ на ЗАПИСА | |
| Създаване/Редакция | Редакция |
| Дата на регистрацията/редакция | 09.06.2009 |
| Служител, извършил регистрацията/редакцията | |
| 999 ## - СИСТЕМНИ КОНТРОЛНИ НОМЕРА | |
| Koha biblionumber | 5731 |
| Koha biblioitemnumber | 5731 |
| Код за отписване | Код за изгубен артикул | Източник на класификационната схема | Код за повреда | Коз за рестрикции | Код за отдаване | Артикулен № | Име на библиотеката - собственик | Име на библиотеката, в която се намира в момента | Статус (Текущо местоположение) | Дата на вписване в системата | Местоположение - отдел | Цена в лева | Инвентарен номер | Систематично азбучна сигнатура | Баркод | Номер на екземпляра | Цена в евро | Служебна бележка | Служебен тип на артикула |
|---|---|---|---|---|---|---|---|---|---|---|---|---|---|---|---|---|---|---|---|
| Изтеглен | Не е изгубен | Universal Decimal Classification | Не е повреден | без рестрикции | заемане за дома | 10124 | Регионална библиотека "Любен Каравелов" Русе | Регионална библиотека "Любен Каравелов" Русе | Заемна - подръчен фонд | 2001-01-01 | Заемна - подръчен фонд | 0.72 | 610940 | П 886.7-32/Е 53 П | 610940 | 1 | 0.37 | Дост: Pk Вид: Ф N: стар фонд Дата: 01.01.1995 | Книги |
| Не е изгубен | Universal Decimal Classification | Не е повреден | без рестрикции | ползва се в читалня | 10125 | Регионална библиотека "Любен Каравелов" Русе | Регионална библиотека "Любен Каравелов" Русе | Хранилище | 2001-01-01 | Хранилище | 0.72 | 611950 | Цб 182180 | 120000611950 | 2 | 0.37 | Дост: Dp Вид: Д N: 16 Дата: 01.01.1995 Дата инв: 08.12.2014 Бележки инв: Цб2014 | Книги | |
| Изтеглен | Не е изгубен | Universal Decimal Classification | Не е повреден | без рестрикции | заемане за дома | 10126 | Регионална библиотека "Любен Каравелов" Русе | Регионална библиотека "Любен Каравелов" Русе | Заемна - подръчен фонд | 2001-01-01 | Заемна - подръчен фонд | 0.72 | 618424 | П 886.7-32/Е 53 П | 618424 | 3 | 0.37 | Дост: Pk Вид: Ф N: стар фонд Дата: 01.01.1995 | Книги |